| 000 | 00545nam a2200181 4500 | ||
|---|---|---|---|
| 001 | 138376 | ||
| 003 | ES-MaACL | ||
| 005 | 20230906195544.0 | ||
| 007 | t| | ||
| 008 | 070214s1978 sp r ||||1| spa d | ||
| 100 | 1 |
_aSand, George, _d1804-1876 _9103060 |
|
| 245 | 1 | 3 |
_aUn invierno en Mallorca / _cGeorge Sand ; [traducción de Enrique Azcoaga]. |
| 260 |
_aMadrid : _bEdaf, _c1978. |
||
| 300 |
_a115 p. ; _c18 cm. |
||
| 700 | 1 |
_aAzcoaga, Enrique, _d1912-1985 _924261 |
|
| 852 |
_aES-MaACL _jC-36266 _bR.100026 |
||
| 999 |
_c138376 _d138376 |
||